00716nam a2200241 a 4500001001300000003000900013005001700022008004100039020002300080082001300103100002100116245003800137260004400175300000900219500003500228505003300263650001100296700002100307902000800328942000700336952011400343999001700457nice12345678IN_TiNIC20260116014612.0050524s2001 lona grp 000 0 eng  a0194421 c14500a170bBLA aBlackburn, Simon aEthics, a Very Short Introduction aLondan bOxford University Press c2001 a139p aincludes index and biblioraphy2 aAppendix, Bibliogrphy, Index aEthics1 aBlackburn, Simon bSRS cBK 001040708StackRoom-aHMIbHMId2007-03-15g145.00l0o170 BLAp021114r2007-03-15v145.00w2005-05-24yBK c16174d16174